Basic Accounting: concepts, principles, procedures and applications (Record no. 14969)

MARC details
000 -LEADER
fixed length control field 00306nam a22001097a 4500
003 - CONTROL NUMBER IDENTIFIER
control field URS
005 - DATE AND TIME OF LATEST TRANSACTION
control field 20220114171844.0
008 - FIXED-LENGTH DATA ELEMENTS--GENERAL INFORMATION
fixed length control field 180103b xxu||||| |||| 00| 0 eng d
245 ## - TITLE STATEMENT
Title Basic Accounting: concepts, principles, procedures and applications
700 ## - ADDED ENTRY--PERSONAL NAME
Relator code author
Personal name Valencia, Edwin G. .
942 ## - ADDED ENTRY ELEMENTS (KOHA)
Source of classification or shelving scheme Library of Congress Classification
Koha item type Foreign Books
Holdings
Withdrawn status Source of classification or shelving scheme Damaged status Not for loan Collection code Home library Current library Shelving location Date acquired Total Checkouts Barcode Date last seen Price effective from Koha item type
  Library of Congress Classification     Non-fiction Binangonan College Library Binangonan College Library Filipiniana Section 06/07/2023   URSBIN-2874 01/03/2018 01/03/2018 Filipiniana

University of Rizal System
Email us at univlibservices@urs.edu.ph

Visit our Website www.urs.edu.ph/library